000
00251 a2200097 4500
020
_a
9789386478115
100
_a
K. Raghavendra
245
_a
Design of machine elements I(DME I)
260
_b
CBS publishers & distributors pvt. ltd.
_c
2020
942
_c
OO
999
_c
116018
_d
116017